| 000 | 00408nam a2200157Ia 4500 | ||
|---|---|---|---|
| 008 | 230917s9999||||xx |||||||||||||| ||und|| | ||
| 040 |
_e195130 _aMAIN |
||
| 041 | _aEnglish | ||
| 082 | _a620.105 R11S(5) | ||
| 100 | _aRajput, R K | ||
| 245 | 0 | _aStrength of materials in S1 units (Mechanics of solids) | |
| 250 | _a5th ed. | ||
| 260 |
_aNew Delhi _bS Chand _c2012 |
||
| 300 | _axvi, 1448 p. | ||
| 942 | _cBK | ||
| 999 |
_c157473 _d157473 |
||